Statistics for Deep Space 9 Quiz: All Dax Symbiont Hosts

Click here to take the quiz!

General Stats

  • This quiz has been taken 23 times
  • The average score is 5 of 9

Answer Stats

Answer% Correct
Jadzia
95%
Curzon
90%
Ezri
90%
Tobin
50%
Emony
35%
Leela
35%
Joran
30%
Torias
30%
Audrid
20%

Score Distribution

Percentile by Number Answered

Percent of People with Each Score

Your Score History

You have not taken this quiz